Analýza špecifických položiek a nepeňažných operácií v prehľade peňažných tokov diplomová práca

Guardado en:
Detalles Bibliográficos
Autor principal: Koudelka, Maroš
Autor Corporativo: Fakulta hospodárskej informatiky EU. Katedra účtovníctva a audítorstva
Otros Autores: Sklenka, Miloš
Formato: Libro
Lenguaje:eslovaco
Publicado: Bratislava 2013
Etiquetas: Agregar Etiqueta
Sin Etiquetas, Sea el primero en etiquetar este registro!

MARC

LEADER 00000nbm a2200000 4500
001 0171589
005 20161109102443.4
041 0 |a slo 
044 |a SK 
245 1 0 |a Analýza špecifických položiek a nepeňažných operácií v prehľade peňažných tokov  |b diplomová práca  |c Maroš Koudelka ; školiteľ: Miloš Sklenka 
264 1 |a Bratislava  |c 2013 
300 |a 79 s. 
100 1 |a Koudelka, Maroš 
700 1 |a Sklenka, Miloš 
710 2 |a Fakulta hospodárskej informatiky EU. Katedra účtovníctva a audítorstva